Quiz o Polskim Rapie 2 - Statystyki

Ogólne statystyki
  • Ten quiz został rozwiązany 423 razy
  • Średni wynik to 6 z 10
Statystyki odpowiedzi
Zagadnienie Odpowiedź % Poprawnych
Jaka jest najpopularniejsza piosenka White2115 California
100%
Jak ma na imię Kizo. Patryk
100%
Jakiej religii wyznawcą jest Malik Montana Muzułmaństwo
89%
Której Piosenki nie nagrał Białas RAJANER
89%
Jacy raperzy występują w piosence ,,Smutne Miasteczko" Białas, Szpaku
67%
W jakim państwie urodził się Taco Hemingway Egipt
56%
Ile jest utworów na płycie Szpaka ,,Dzieci Duchy". 15
44%
Ile ma lat O.S.T.R 39
44%
Ile lat temu wyszła piosenka Grubsona ,,Na szczycie" 10
33%
Ile płyt wydał Żabson 2
22%
Nie znaleziono quizów pasujących do podanych kryteriów
Rozkład punktacji
Procent ludzi z każdym wynikiem
Percentyl według liczby udzielonych odpowiedzi
Twoja historia wyników
Nie rozwiązałeś tego quizu